| 000 | 00884nam a2200217 a 4500 | ||
|---|---|---|---|
| 001 | 000041015 | ||
| 005 | 20201002034543.0 | ||
| 008 | 130913s1987 sp 000 0 spa d | ||
| 020 | _a8400065638 | ||
| 040 |
_aDO-SdBNP _bspa _cBNPHU |
||
| 100 | 1 |
_aLópez-Ocón Cabrera, Leoncio _d1956- _967478 |
|
| 245 | 1 | 0 |
_aBiografía de la "América" : _buna crónica hispano-americana del liberalismo democrático español (1857-1886) / _cLeoncio López-Ocón Cabrera. |
| 260 |
_aMadrid : _bCSIC, _c1987. |
||
| 300 |
_a215 p. ; _c24 cm. |
||
| 490 | 1 |
_aTierra nueva e cielo nuevo _v21 |
|
| 500 | _aV centenario del descubrimiento de América." | ||
| 504 | _aBibliografía 209-215. | ||
| 504 | _aIncluye referencias bibliográficas y notas al pie de las páginas | ||
| 710 | 2 |
_aConsejo Superior de Investigaciones Científicas, (España) _963834 |
|
| 830 | 0 |
_aTierra nueva e cielo nuevo _v21 _915388 |
|
| 999 |
_c40505 _d40505 |
||